| 000 | 00630nam a2200181Ia 4500 | ||
|---|---|---|---|
| 008 | 151202s9999||||xx |||||||||||||| ||und|| | ||
| 082 | _bPNVM-63191 | ||
| 100 | _aभारद्वाज मंदाकिनी. | ||
| 245 | _aकोणे एके काळी. | ||
| 260 | _b"शिवम प्रकाशन ,पुणे." | ||
| 260 | _c63191 | ||
| 300 | _a200 | ||
| 600 | _aभारद्वाज मंदाकिनी. | ||
| 630 | _aकोणे एके काळी. | ||
| 700 | _aभारद्वाज मंदाकिनी. | ||
| 730 | _aकोणे एके काळी. | ||
| 942 | _cBOOK | ||
| 999 |
_c1329725 _d1329722 |
||